Paulus kämpft um sein Apostolat : Drei weitere Briefe an die Gemeinde Gottes in Korinth : Paulus - neu gesehen / Rudolf Pesch
Record details
- ISBN: 3-451-08382-5
- Physical Description: 191 s. : sch.
- Publisher: Freiburg ; Basel ; Wien : Herder, 1987
Search for related items by subject
| Subject: | Pavel, svatý, asi 10-asi 67 Teologie biblická Nový zákon Teologie sv. Pavla Korintským |
| Genre: | monografie |
Search for related items by series
Available copies
- 1 of 1 copy available at Common Catalog SPOK.
Holds
- 0 current holds with 1 total copy.
Show Only Available Copies
| Location | Call Number / Copy Notes | Barcode | Shelving Location | Status | Due Date |
|---|---|---|---|---|---|
| ETS Library | 227.3 | 424470019818 | Volný výběr | Available | - |
| LDR | 00960nam a2200277ua 4500 | ||
|---|---|---|---|
| 001 | 51522 | ||
| 003 | CZ-PrJAB | ||
| 005 | 20080225122650.0 | ||
| 008 | 080225s1987 gw ||| | ger | ||
| 020 | . | ‡a3-451-08382-5 ‡q(brož.) : ‡c88.0 | |
| 035 | . | ‡a(CZ PrSKC)000025186 | |
| 040 | . | ‡aCBD005 ‡bcze | |
| 082 | 1 | 4. | ‡a227.3 |
| 100 | 1 | . | ‡aPesch, Rudolf, ‡d1936-2011 ‡7skuk0004530 ‡4aut |
| 245 | 1 | 0. | ‡aPaulus kämpft um sein Apostolat : ‡bDrei weitere Briefe an die Gemeinde Gottes in Korinth : Paulus - neu gesehen / ‡cRudolf Pesch |
| 260 | . | ‡aFreiburg ; Basel ; Wien : ‡bHerder, ‡c1987 | |
| 300 | . | ‡a191 s. : ‡bsch. | |
| 490 | 1 | . | ‡aHerderbücherei [Herder] ; ‡vBand 1382 |
| 600 | 0 | 7. | ‡aPavel, ‡csvatý, ‡dasi 10-asi 67 ‡7jn99240000845 ‡2czenas |
| 650 | 0 | 4. | ‡aTeologie biblická |
| 650 | 0 | 4. | ‡aNový zákon |
| 650 | 0 | 4. | ‡aTeologie sv. Pavla |
| 650 | 0 | 4. | ‡aKorintským |
| 655 | 7. | ‡amonografie ‡7fd132842 ‡2czenas | |
| 830 | 0. | ‡aHerderbücherei [Herder] ; ‡vBand 1382 | |
| 910 | . | ‡aABG450 | |
| 995 | . | ‡aska | |
| 901 | . | ‡a51522 ‡bCZ PrSKC ‡c51522 ‡tbiblio | |